Responses for Show #9112 - Tuesday, May 28, 2024

Amar Kakirde game 5.

Contestants

[<< previous game]

Steve Miller, a retired medical transcriptionist from Eugene, Oregon

Abby Mann, a digital scholarship librarian from Normal, Illinois

Amar Kakirde, a graduate student from Lake Hiawatha, New Jersey (whose 4-day cash winnings total $55,899)

[next game >>]

Jeopardy! Round responses

EUROPEAN HISTORY
DEFINING LAW
(Ken: With definitions from Black's Law Dictionary.)
DOING A NUMBER ON YOU
SOUNDS LIKE A BOY BAND
DO BUG US
THINK "SMALL"
    $200 23
the French Revolution

Amar
    $200 30
the Bar

Abby
    $200 29
57

Steve
    $200 27
98 degrees

Steve
    $200 28
pollen

Amar
    $200 9
smallpox

Steve
    $400 3
Viking

Abby
    $400 7
malice

Steve
    $400 20
Route 66

Amar
    $400 26
(Ken: Short for behind the scenes, [*].)

BTS

Triple Stumper
    $400 24
fire ants

Amar
    $400 10
small talk

Amar
    $600 4
(Abby: What is Hungarian?)

Austro-Hungarian (Austria-Hungary)

AmarAbby
    $600 1
(Amar: What is an affirmation?)
(Steve: What is a testament?)

an oath

AmarSteve
Triple Stumper
    $600 18
27

Steve
    $600 25
in sync

Steve
    $600 11
a beetle

Steve
    $600 13
(Amar: What is small print?)

small fortune

AmarAbby
    $800 5
(Steve: What is a zealot?)

a partisan

AmarSteve
    $800 2
a hostile witness

Abby
    $3,000 17
(Amar: Uh... [*]--what is [*]?)
(Ken: [*] is correct, yes; Alaska and Hawaii had not yet been added to the Union.)

7

Amar
    $800 21
the new kids on the block

Amar
    $800 12
milkweed

Abby
    $800 14
small town

Abby
    $1000 6
Macedonia

Amar
    $1000 8
a bail bond

Abby
    $1000 19
(Abby: What are seven?)

12

Abby
Triple Stumper
    $1000 22
boys to men

Triple Stumper
    $1000 16
(Ken: Yes, your enemy on the farm.)

aphids

Amar
    $1000 15
small blind

Amar

Scores at the first commercial break (after clue 15):

Amar Abby Steve
$2,600 $3,800 -$200

Scores at the end of the Jeopardy! Round:

Amar Abby Steve
$8,600 $3,000 $1,400

Double Jeopardy! Round responses

CANADIAN CITIES
NONFICTION BOOKS BY SUBTITLE
WEAPON NAMES
WHAT DO YOU MEASURE?
MOVIES WITH LITTLE DIALOGUE
SPILL THE "T"
    $400 10
(Amar: What is Montreal?)

Quebec City

Amar
Triple Stumper
    $400 14
Live from New York

Amar
    $400 5
a Bowie knife

Amar
    $400 20
degrees (of an angle)

Amar
    $400 30
A Quiet Place

Triple Stumper
    $400 27
tadpole

Abby
    $800 9
(Amar: What is territory?)

prime minister

AmarSteve
    $800 13
Band of Brothers

Steve
    $800 4
a Tommy gun

Steve
    $800 19
rainfall

Steve
    $800 24
Cast Away

Steve
    $800 26
terrestrial

Abby
    $1200 6
Victoria

Steve
    $4,000 11
The Perfect Storm

Steve
    $2,000 1
MiGs

Steve
    $1200 16
intelligence

Abby
    $1200 25
2001: A Space Odyssey

Abby
    $1200 22
tenacious

Steve
    $1600 7
Parliament Hill

Triple Stumper
    $1600 12
Wild

Abby
    $1600 2
Shrapnel

Amar
    $1600 17
wind speed

Steve
    $1600 28
Drive

Triple Stumper
    $1600 21
to truncate

Triple Stumper
    $2000 8
(Ken: The capital of Manitoba, [*].)

Winnipeg

Triple Stumper
    $2000 15
Hillbilly Elegy

Amar
    $2000 3
.22

Steve
    $2000 18
(Steve: What is viscosity?)

the boiling point

Steve
Triple Stumper
    $2000 29
127 Hours

Triple Stumper
    $2000 23
tautology

Amar

Scores at the end of the Double Jeopardy! Round:

Amar Abby Steve
$14,200 $8,200 $15,400

[wagering suggestions for these scores]

Final Jeopardy! Round responses

EUROPEAN SCIENTISTS
(Ken: [To Abby] Who is Charles--didn't quite get to Darwin, I think?)
...
(Steve: It was going to be Herschel.)
...
(Ken: The reason why they celebrated this man by looking at his genes is because it was [*], the father of heredity.)
AbbyWho is Charles D
$3,000
AmarWho is Tesla?
$14,199
SteveWho is Hersch
$13,001
Gregor Mendel

Final scores:

Amar Abby Steve
$1 $5,200 $2,399
3rd place: $2,000 New champion: $5,200 2nd place: $3,000

Game dynamics:

Coryat scores:

Amar Abby Steve
$12,000 $8,200 $11,800
18 R
(including 1 DD),
4 W
12 R,
2 W
18 R
(including 2 DDs),
3 W

Combined Coryat: $32,000

[game clues] [game scores] [suggest correction]

Game tape date: 2024-04-09
The J! Archive is created by fans, for fans. Scraping, republication, monetization, and malicious use prohibited; this site may use cookies and collect identifying information. See terms. The Jeopardy! game show and all elements thereof, including but not limited to copyright and trademark thereto, are the property of Jeopardy Productions, Inc. and are protected under law. This website is not affiliated with, sponsored by, or operated by Jeopardy Productions, Inc. Join the discussion at JBoard.tv.